LEADER 01189nam 2200385 450 001 990000972870203316 010 $a0-387-98244-2 035 $a0097287 035 $aUSA010097287 035 $a(ALEPH)000097287USA01 035 $a0097287 100 $a20020221d1998----km-y0itay0103----ba 101 $aeng 102 $aUS 105 $a||||||||001yy 200 1 $aContinuous-time Makov chains and applications$ea singular pertubation approach$fG. George Yin, Qing Zhang 210 $aNew York$cSpringer$dc1998 215 $aXV, 349 p$d24 cm 225 2 $aApplications of mathematics$v37 410 $12001$aApplications of mathematics$v37 606 0 $aProcessi di Markov 676 $a519.233 700 1$aYIN,$bG. George$061947 701 1$aZHANG,$bQing$0422358 801 0$aIT$bsalbc$gISBD 912 $a990000972870203316 951 $a519.233 YIN$b10469 ING$c519.233 959 $aBK 969 $aTEC 979 $aPATTY$b90$c20020221$lUSA01$h1106 979 $aPATTY$b90$c20020325$lUSA01$h1034 979 $c20020403$lUSA01$h1739 979 $aPATRY$b90$c20040406$lUSA01$h1707 996 $aContinuous-time Makov chains and applications$9972325 997 $aUNISA LEADER 00862nam0-2200325---450- 001 990008690230403321 005 20120301093025.0 035 $a000869023 035 $aFED01000869023 035 $a(Aleph)000869023FED01 035 $a000869023 100 $a20080718d1969----km-y0itay50------ba 101 0 $aeng 102 $aGB 105 $aa---c---001yy 200 1 $aPublic finance$fCarl S. Shoup 210 $aLondon$cWeidenfeld and Nicolson$dc1969 215 $aX, 660 p.$d24 cm 225 1 $aAldine treatises in modern economics 610 0 $aFinanza pubblica 700 1$aShoup,$bCarl S.$0141088 801 0$aIT$bUNINA$gRICA$2UNIMARC 901 $aBK 912 $a990008690230403321 952 $aH0.195$b4774$fDECTS 952 $aN/2.0 SHO$b3147/I$fSES 959 $aDECTS 959 $aSES 996 $aPublic finance$9718859 997 $aUNINA